| 000 | 00518nam a2200169Ia 4500 | ||
|---|---|---|---|
| 999 |
_c36760 _d36760 |
||
| 003 | OSt | ||
| 005 | 20201207132513.0 | ||
| 008 | 190216s9999||||xx |||||||||||||| ||und|| | ||
| 040 | _coclc | ||
| 082 |
_a354.5484 _bMOH/H |
||
| 100 |
_aMohanan, K G Chandra _97268 |
||
| 245 | 0 |
_aA Hand Book Of Pay Revisions Supplement / _cK G Chandra Mohanan |
|
| 260 |
_bSatheesh Chandra Babu, _aKollam: _c2006. |
||
| 300 | _a200p | ||
| 650 | _aReferences | ||
| 942 |
_cREF _2ddc _h354.5484 _iMOH/H _k354.5484 _mMOH/H |
||